MDQL
is popping MORE tags! Check the
thread
!
Quizzes
Events
Quiz Creation
Community
Videos
Private Events
Remove Ads
Sign In
Join for FREE
Feedback
Dark Mode
Quiz Categories
Sports
Geography
Music
Movies
Television
Just For Fun
Miscellaneous
History
Literature
Language
Science
Gaming
Entertainment
Religion
Holiday
For Kids
Quiz Lab
Recent
Popular Today
Quiz Kudos Today
Editor Picks
Curator Picks
Quizzes by...
Day
Popularity
Type
Ratings
Length
Year
Community
Subscriptions
Recent Discussions
Orange Saloon
Badges
Playlists
Quests
Create
Leaderboards
Showdown
Live 5
Trivia Bingo
Activity
Puzzle Library
Sporcle Events
Private Events
Virtual Trivia
Globe League
Become a Host
Pub Owners
SporcleCon
Opinionation
Our Games
Videos
Blog
Mobile Apps
Partnerships
Remove Ads and Go Orange
Feedback
Sports
Athletes
MLB
NBA
NHL
NFL
Soccer
Sports Teams
WWE
NCAA
Football
Premier League
Basketball
Baseball
Hockey
Golf
Tennis
Cricket
Rugby
Auto Racing
Olympics
World Cup
Sports
Athletes
MLB
NBA
NHL
NFL
Soccer
Sports Teams
WWE
NCAA
Football
Premier League
Basketball
Baseball
Hockey
Golf
Tennis
Cricket
Rugby
Auto Racing
Olympics
World Cup
Random Quiz
Search Sporcle
×
Quiz Lab
Quiz Lab
Sports
World
Type in answers that appear in a list
Type in answers that appear in a list
Classic
Best Score? Go Orange.
FIFA World XIs since 2016 Stats
Can you name the FIFA World XIs since 2016?
By
FourFourTwo_
7m
66 Questions
21K Plays
20,952 Plays
20,952 Plays
Comments
Comments
Give Quiz Kudos
Give Quiz Kudos
-
- Ratings
hide this ad
More Info
Replay
Link that replays current quiz
Next Quiz
Link to next quiz in quiz playlist
You Got
0%
They Got
Avg Score
62%
Avg Friend Score
Upgrade to see
Score Distribution
Jump to the score distribution portion of the page
Score
0/66
Timer
07:00
0
Plays Today
Hint
Answer
% Correct
2016
Lionel Messi
99.4%
2017
Lionel Messi
99.4%
2018
Lionel Messi
99.4%
2016
Cristiano Ronaldo
99.4%
2017
Cristiano Ronaldo
99.4%
2018
Cristiano Ronaldo
99.4%
2019
Lionel Messi
99.3%
2020
Lionel Messi
99.3%
2021
Lionel Messi
99.3%
2019
Cristiano Ronaldo
99.2%
2021
Cristiano Ronaldo
99.2%
2016
Luka Modric
98.7%
2017
Luka Modric
98.7%
2018
Luka Modric
98.7%
2019
Luka Modric
98.5%
2016
Manuel Neuer
98.2%
2020
Cristian Ronaldo
98%
2017
Gianluigi Buffon
97.7%
2016
Sergio Ramos
97.6%
2017
Sergio Ramos
97.6%
2018
Sergio Ramos
97.6%
2016
Luis Suarez
97.6%
2019
Sergio Ramos
97%
2020
Sergio Ramos
97%
2017
Neymar
97%
2020
Robert Lewandowski
95.4%
2021
Robert Lewandowski
95.4%
2018
David de Gea
95.1%
2020
Kevin De Bruyne
94.7%
2021
Kevin De Bruyne
94.7%
2016
Marcelo
93.7%
2017
Marcelo
93.7%
2018
Marcelo
93.7%
Hint
Answer
% Correct
2019
Kylian Mbappe
93.6%
2016
Toni Kroos
93.6%
2017
Toni Kroos
93.6%
2016
Gerard Pique
93.4%
2018
Kylian Mbappe
93.1%
2019
Virgil van Dijk
92.9%
2020
Virgil van Dijk
92.9%
2019
Marcelo
92.3%
2021
Erling Haaland
92%
2018
Eden Hazard
91.5%
2016
Andres Iniesta
91.2%
2017
Andres Iniesta
91.2%
2019
Alisson
91.1%
2020
Alisson
91.1%
2021
N'Golo Kante
91.1%
2016
Dani Alves
91%
2017
Dani Alves
91%
2018
Dani Alves
91%
2021
Gianluigi Donnarumma
90.1%
2019
Eden Hazard
88.7%
2021
Leonardo Bonucci
88.6%
2018
N'Golo Kante
88.2%
2018
Raphael Varane
87.8%
2021
David Alaba
87.3%
2020
Alphonso Davies
85.7%
2017
Leonardo Bonucci
83.3%
2020
Trent Alexander-Arnold
82.1%
2021
Jorginho
80.4%
2019
Frenkie De Jong
79.5%
2019
Matthijs de Ligt
79.4%
2020
Joshua Kimmich
70.3%
2020
Thiago Alcantara
54.7%
2021
Ruben Dias
37.5%
Quiz Playlist
Details
Report
Send in Message
Add To Playlist
More Info:
Source: https://en.wikipedia.org/wiki/The_Best_FIFA_Football_Awards Correct as of 18/01/2022
Classic:
Type in answers that appear in a list
Last Updated: Jan 18, 2022
Quiz Scoreboard
CHALLENGE
Sign Up to Join the Scoreboard
Show All
Scores
Hide
Comments
May contain spoilers
Recently Published
Image Sorting: Flags VI
by Barbecue
Geography
2m
Find the 'City' Movie
by crazypaving
Movies
60s
Colored Red Africa Blitz
by spor1
Geography
45s
More to Explore
Quiz From the Vault
Featured Blog Post
14 Easter Pick-up Lines to Find Eggs With
hide this ad
You Might Also Like...
Tags
World Quiz
2016
FIFA
XIs
Today's Top Quizzes in Sports
Browse Sports
hide this ad
Today's Top Quizzes in World
Browse World
Top Contributed Quizzes in Sports
1
Les meilleurs buteurs des matchs entre le PSG et l’OM
2
Les entraîneurs de l'OM et du PSG au 21e siècle
3
Les joueurs passés par le PSG et l'OM
4
2022 World Cup Stars
5
Players with Multiple 50 Home Run Seasons
6
Criteria MLB: Left Handed Sluggers
7
MLB Players with Two .350 Batting Average Seasons
8
Les joueurs passés par le LOSC et le RC Lens
9
NBA Logic Puzzle 2.0
10
Top 10 NHL Goal Scorers of All Time
Explore More
Trending Topics
NBA
Crossword
Marvel
Harry Potter
Kpop
Anime
Disney
Soccer
Country
Pokémon
Song
WWE
NFL
Puzzle
The Office
hide this ad
More By:
FourFourTwo_
Quiz
Plays
Rating
Category
Featured
Created
Ballon d'Or winners and nominees since 1995
136,270
4.91
Sports
Jul 25, 2017
Premier League Players in 2018 World Cup
96,744
4.34
Sports
Jun 5, 2018
Every manager of 3+ Premier League clubs
86,549
4.59
Sports
Nov 9, 2017
100+ Premier League goals
85,520
4.59
Sports
Feb 5, 2018
Top 20 rated players from FIFA 13 to FIFA 22
79,941
4.03
Sports
Mar 17, 2020
Go to Creator's Profile
Score Distribution
Quiz Creator Spotlight
FourFourTwo_
Follow
Send a Message
Quizzes Created
-
Created Quiz Play Count
-
More By This Creator
Popular Quizzes Today
1
Colored Red Africa Blitz
2
Find the US States - No Outlines Minefield
3
Find the 'City' Movie
4
5x2 Blitz: Bands
5
The Countries of the World
6
Find the US States
7
Find the Countries of Europe - No Outlines Minefield
8
US States
More Sports Quizzes
Zalgiris players in the EuroLeague (2000-2020)
Quiz Lab
Trending Quizzes
Colored Red Europe Blitz I
Colored Red Europe Blitz II
Colored Red Africa Blitz II
Colored Red Europe Blitz III
Colored Red Africa Blitz III
Recently Updated
How Do You Spell That?
pecheneg
Godzilla Movies
pecheneg
Grab Bag: 4-10 Letters
pecheneg
2024 March Madness Bracket
pecheneg
Famous TV Couples
Peacemaker
Champions League XIs: Real Madrid
pecheneg
Largest US Cities 1790-2010
pecheneg
Rides in Walt Disney World
pecheneg
Most Oscar Losses (Acting)
pecheneg
Beyoncé Albums
pecheneg
Trending Topics
NBA
Disney
Harry Potter
Anime
Crossword
Marvel
Kpop
Puzzle
WWE
The Office
Song
Pokémon
Country
NFL
Soccer
Your Account Isn't Verified!
In order to create a playlist on Sporcle, you need to verify the email address you used during registration. Go to your
Sporcle Settings
to finish the process.
Report this User
Report this user for behavior that violates our
Community Guidelines
.
Details:
Send Report
Go to the Sporcle.com Mobile Site →
Comments